Pokémon A-Z - Statistics

General Stats
  • This quiz has been taken 24 times
  • The average score is 11 of 26
Answer Stats
Hint Answer % Correct
V Water type eeveelution Vaporeon
81%
B Hoenn’s Professor Birch
76%
K Ash’s surname Ketchum
76%
J Country where the games first released Japan
71%
O Water type starter of Unova Oshawott
71%
P Pokémon banned from the anime, due to its debut episode causing seizures Porygon
71%
W The Hisuian evolution of Stantler Wyrdeer
67%
A The 1st Pokémon alphabetically Abomasnow
62%
L Wolf Pokémon with 3 forms Lycanroc
62%
M Glitch Pokémon which is the only Bird type MissingNo.
62%
U Instrument played by Pichu in Pokémon Ranger: Guardian Signs Ukulele
57%
C Pokémon which was inside the GS ball Celebi
52%
S Real-World continent which Mew lives in South America
52%
G Pokémon with the Pokédex number #1000 Gholdengo
48%
I The rarest type of Pokémon Ice
43%
D Website you could visit when your Pokémon fell asleep in Black & White Dream World
33%
T Hometown of the player in the Sinnoh region Twinleaf Town
33%
Q Berry introduced in Generation 3 Qualot
29%
E Move which reduces the opponents HP to the same as the users Endeavour
19%
F The region which the 1st Pokémon Ranger is set in Fiore
19%
H Ruins of ____ - Where Tapu Fini is found Hope
14%
R Organisation that aims to protect humans and Pokémon Ranger Union
5%
N The 1st TCG series to feature Generation 2 Pokémon Neo Genesis
0%
X Nickname of the Xerneas owned by Y in Pokémon Adventures Xerxer
0%
Y One of the cards released in Japan for the Riding on the Sea Breeze campaign Yokohama's Pikachu
0%
Z Limited time location in Pokémon Rumble Rush Zygarde Sea
0%
No matching quizzes found
Score Distribution
Percent of People with Each Score
Percentile by Number Answered
Your Score History
You have not taken this quiz